000 02114nam a2200373 c 4500
999 _c51538
_d51538
001 51538
003 ES-MaCES
005 20201020135553.0
008 201020s2019 sp | |||| 000 0 spa
017 _aMA 1714-2019
_bDL
020 _a9788494847981
040 _aES-MaCES
_bspa
_cES-MaCES
_dES-MaCES
100 1 _aIglesias Fernández, José
_915142
245 1 0 _aPensiones públicas
_b: ayer, hoy, mañana y siempre
_cJosé Iglesias Fernández
260 _a[Valencia]
_bBaladre
260 _aMálaga
_bZambra
_c[2019]
300 _a206 p.
_c24 cm
504 _aBibliografía
520 _aEn su etapa de madurez, neoliberal y globalizado, senil y distópico, el capitalismo sigue apoyando y reforzando sus bases de acumulación y gestión en la explotación de las poblaciones y la apropiación privada de los recursos naturales del planeta. Las poblaciones son explotadas durante su edad activa en el reino de la producción, pero después son despojadas de sus derechos cuando se hallan en la edad de jubilación. El mercado de trabajo, con la desregulación laboral (contratos temporales, bajos salarios, eliminación del salario mínimo, eventualidad, flexibilidad y movilidad geográfica, despidos baratos o inexistentes, proliferación de los falsos autónomos, etc.), ya facilita que el ataque al sistema público de pensiones por parte del sector financiero y crediticio, con la ayuda de instituciones públicas mundiales y gobiernos nacionales, logre reformas del mismo en el que se desposee de derechos sociales a la ciudadanía en general, y a las poblaciones trabajadoras en particular
541 _cCompra
650 7 _acapitalismo
_927116
650 7 _apobreza
_927112
650 7 _apersonas de edad avanzada
_928521
650 7 _ajubilación
_928360
650 7 _arégimen de pensión
_927042
650 7 _areforma de la seguridad social
_930668
650 7 _aEstado-Benefactor
_929481
650 7 _aevaluación del impacto
_930732
650 7 _aEspaña
_926964
650 7 _afuturo
_928901
653 1 0 _aSeguridad Social
902 _aLIB Libro
942 _2CES
_cBK
_h3.0.